Digital image processing : A practical introduction using Java

Wedi'i Gadw mewn:
Manylion Llyfryddiaeth
Prif Awdur: Efford, Nick
Fformat: Llyfr
Iaith:Undetermined
Cyhoeddwyd: New York, NY Addison Wesley 2000
Pynciau:
Tagiau: Ychwanegu Tag
Dim Tagiau, Byddwch y cyntaf i dagio'r cofnod hwn!
Thư viện lưu trữ: Trung tâm Học liệu Trường Đại học Cần Thơ
LEADER 00627nam a2200229Ia 4500
001 CTU_128468
008 210402s9999 xx 000 0 und d
020 |c 1295000 
082 |a 621.3670285 
082 |b E27 
100 |a Efford, Nick 
245 0 |a Digital image processing : 
245 2 |b A practical introduction using Java 
245 0 |c Nick Efford. 
260 |a New York, NY 
260 |b Addison Wesley 
260 |c 2000 
650 |a Image processing 
650 |x Digital techniques. 
904 |i Minh 
910 |a Sách kèm đĩa AV.005083 
980 |a Trung tâm Học liệu Trường Đại học Cần Thơ